Statistics for Countries and Capitals of the World With a Map

Click here to take the quiz!

General Stats

  • This quiz has been taken 23,867 times
  • The average score is 304 of 396

Answers on the Map

Answers color-coded by a green-red scale on the quiz's map according to % correct below.
 

Answer Stats

Country/Capital% Correct
Canada
96%
Mexico
96%
Mexico City
96%
United States
96%
Washington D.C.
95%
Brazil
94%
France
93%
Russia
93%
United Kingdom
93%
Argentina
92%
China
92%
Iceland
92%
Ireland
92%
London
92%
Moscow
92%
Paris
92%
Portugal
92%
Rome
92%
Spain
92%
Australia
91%
Berlin
91%
Chile
91%
Cuba
91%
Denmark
91%
Finland
91%
Germany
91%
India
91%
Italy
91%
Japan
91%
Madrid
91%
Norway
91%
Ottawa
91%
Peru
91%
Sweden
91%
Ukraine
91%
Colombia
90%
Dublin
90%
Egypt
90%
Greece
90%
Panama
90%
Panama City
90%
Poland
90%
South Korea
90%
Tokyo
90%
Turkey
90%
Uruguay
90%
Vatican City
90%
Venezuela
90%
Algeria
89%
Andorra
89%
Austria
89%
Belgium
89%
Bolivia
89%
Indonesia
89%
Iran
89%
Iraq
89%
Lisbon
89%
Luxembourg
89%
Mongolia
89%
Morocco
89%
Netherlands
89%
New Zealand
89%
North Korea
89%
Oslo
89%
Paraguay
89%
Saudi Arabia
89%
South Africa
89%
Afghanistan
88%
Amsterdam
88%
Bahamas
88%
Beijing
88%
Belarus
88%
Brasília
88%
Central African Republic
88%
Czech Republic
88%
Ecuador
88%
Estonia
88%
Hungary
88%
Kazakhstan
88%
Kiev
88%
Latvia
88%
Libya
88%
Lithuania
88%
Madagascar
88%
Monaco
88%
Niger
88%
Oman
88%
Pakistan
88%
Romania
88%
Switzerland
88%
Thailand
88%
Tunis
88%
Vietnam
88%
Yemen
88%
Albania
87%
Athens
87%
Brussels
87%
Bulgaria
87%
Cairo
87%
Croatia
87%
Democratic Republic
of the Congo
87%
Dominican Republic
87%
Guatemala
87%
Guatemala City
87%
Guyana
87%
Helsinki
87%
Honduras
87%
Israel
87%
Jamaica
87%
Nepal
87%
New Delhi
87%
Nigeria
87%
Philippines
87%
San Marino
87%
Seoul
87%
Slovakia
87%
Slovenia
87%
Stockholm
87%
Sudan
87%
Suriname
87%
Syria
87%
Tunisia
87%
United Arab Emirates
87%
Warsaw
87%
Azerbaijan
86%
Bosnia and Herzegovina
86%
Cambodia
86%
Chad
86%
Copenhagen
86%
Costa Rica
86%
El Salvador
86%
Ethiopia
86%
Georgia
86%
Haiti
86%
Jordan
86%
Kenya
86%
Laos
86%
Malaysia
86%
Mali
86%
Malta
86%
Nicaragua
86%
Papua New Guinea
86%
Republic of the Congo
86%
Serbia
86%
Somalia
86%
South Sudan
86%
Uzbekistan
86%
Vienna
86%
Angola
85%
Armenia
85%
Bangladesh
85%
Belize
85%
Bern
85%
Buenos Aires
85%
Canberra
85%
Cyprus
85%
Havana
85%
Kuwait
85%
Kuwait City
85%
Liechtenstein
85%
Myanmar
85%
North Macedonia
85%
Qatar
85%
Reykjavík
85%
Singapore
85%
Sri Lanka
85%
Taiwan
85%
Turkmenistan
85%
Zambia
85%
Zimbabwe
85%
Budapest
84%
Dominica
84%
Fiji
84%
Ghana
84%
Guinea
84%
Ivory Coast
84%
Kosovo
84%
Kyrgyzstan
84%
Lebanon
84%
Lima
84%
Moldova
84%
Montenegro
84%
Namibia
84%
Prague
84%
Senegal
84%
Tajikistan
84%
Tanzania
84%
Ankara
83%
Bhutan
83%
Botswana
83%
Cameroon
83%
Djibouti
83%
Maldives
83%
Mauritania
83%
Mozambique
83%
Togo
83%
Uganda
83%
Bangkok
82%
Benin
82%
Eritrea
82%
Jerusalem
82%
Liberia
82%
Rwanda
82%
Santiago
82%
Sofia
82%
Trinidad and Tobago
82%
Bahrain
81%
Bucharest
81%
Burkina Faso
81%
Cape Verde
81%
Equatorial Guinea
81%
Federated States of Micronesia
81%
Gabon
81%
Gambia
81%
Guinea-Bissau
81%
Jakarta
81%
Malawi
81%
Saint Kitts and Nevis
81%
Saint Lucia
81%
Seychelles
81%
Wellington
81%
Antigua and Barbuda
80%
Barbados
80%
Bogotá
80%
Cape Town
80%
Kiribati
80%
Lesotho
80%
Manila
80%
Marshall Islands
80%
Mauritius
80%
Minsk
80%
Palau
80%
Pyongyang
80%
Saint Vincent and
the Grenadines
80%
Sierra Leone
80%
Solomon Islands
80%
Tonga
80%
Tuvalu
80%
Vanuatu
80%
Algiers
79%
Baghdad
79%
Brunei
79%
Burundi
79%
East Timor
79%
Nauru
79%
Riga
79%
Samoa
79%
São Tomé
79%
São Tomé and Príncipe
79%
Tehran
79%
Comoros
78%
Eswatini
78%
Hanoi
78%
Kingston
78%
Kingstown
78%
Zagreb
78%
Abu Dhabi
77%
Andorra la Vella
77%
Grenada
77%
Kabul
77%
Montevideo
77%
Caracas
76%
Islamabad
76%
Sarajevo
76%
Taipei
76%
Tallinn
76%
La Paz
75%
Riyadh
75%
Ulaanbaatar
75%
Belgrade
74%
Damascus
74%
Kuala Lumpur
74%
Nairobi
74%
Quito
74%
Beirut
73%
Bratislava
73%
Rabat
73%
Tirana
73%
Vilnius
73%
Dhaka
72%
Doha
72%
Kathmandu
72%
San Salvador
72%
Valletta
72%
Baku
71%
Ljubljana
71%
Port-au-Prince
71%
Tripoli
71%
Pretoria
70%
Vaduz
70%
Addis Ababa
69%
Nassau
69%
Nicosia
69%
Amman
68%
Skopje
68%
Tbilisi
68%
Asunción
67%
Chișinău
67%
Georgetown
67%
Nur-Sultan
67%
Dakar
66%
Pristina
66%
San José
66%
Kinshasa
65%
Sana'a
65%
Santo Domingo
65%
Sucre
65%
Muscat
64%
Phnom Penh
64%
Mogadishu
63%
Podgorica
63%
Khartoum
62%
Malé
62%
Yerevan
62%
Abuja
61%
Accra
61%
Freetown
61%
Tashkent
60%
Brazzaville
59%
Dili
59%
Luanda
59%
Vientiane
59%
Windhoek
59%
Antananarivo
58%
Bissau
58%
Managua
58%
Port Moresby
58%
Port-of-Spain
58%
Paramaribo
57%
Belmopan
56%
Bishkek
56%
Bloemfontein
56%
Manama
56%
Monrovia
56%
Tegucigalpa
56%
Ashgabat
55%
Harare
55%
Victoria
55%
Kampala
54%
Thimphu
54%
Juba
53%
Sri Jayawardenapura Kotte
53%
Dushanbe
52%
Ouagadougou
52%
Bandar Seri Begawan
51%
Bridgetown
51%
Kigali
51%
Libreville
51%
Naypyidaw
51%
Lusaka
50%
Maputo
50%
N'Djamena
50%
Suva
50%
Yaoundé
50%
Bamako
49%
Dodoma
49%
Lomé
49%
Niamey
49%
Saint John's
49%
Asmara
48%
Gaborone
48%
Apia
47%
Conakry
47%
Port Louis
47%
Praia
47%
Saint George's
47%
Lilongwe
46%
Porto-Novo
46%
Roseau
46%
Bangui
45%
Banjul
45%
Nouakchott
45%
Yamoussoukro
45%
Castries
44%
Basseterre
43%
Mbabane
43%
Funafuti
42%
Maseru
42%
Moroni
42%
Port Vila
42%
Malabo
41%
Gitega
40%
Honiara
40%
Nukuʻalofa
39%
South Tarawa
39%
Yaren
39%
Ngerulmud
38%
Majuro
37%
Palikir
37%
Cotonou
34%

Score Distribution

Percentile by Number Answered

Percent of People with Each Score

Your Score History

You have not taken this quiz